00622nam a2200181 i 450000100060000000300090000600500170001500700030003200800410003510000180007624501120009426000350020630000450024150500960028665000200038265000150040285200230041735854ES-MaACL20230906155229.0t|030214s1907 fr ||||1| fre d1 aBrocq, Louis.10aTraité élémentaire de dermatologie pratique comprenant les syphilides cutanées / cpar Louis Brocq. aParis : bOctave Doin, c1907. a2 v. (II, 892-861 p.) : bil. ; c28 cm.8 aContiene: T. I: Generalités et entités morbides oraires. -- T: II: Reactions cutanées04aDermatología.04aSífilis. aES-MaACLjA-419-20